01177nam a2200217 a 450000100100000000500170001000800410002704000250006810000270009324500500012026000510017030000210022150000720024250400310031404900090034595201200035495201200047495201780059495201700077299900170094200002616920200930024348.0110303s1967 dr 000 0 spa d aDO-SdBNPbspacBNPHU1 aPattee, Ricardo95317213ala República Dominicana /cRicardo, Pattee. aMadrid:aEdiciones Cultura Hispánica,c1967. a361 P. ;c21 cm. aIcluye referencias bibliográficos y notas al pie de las páginas aBibliografía: p. 349-359 aBNPD 001054708DSaGRbGRcCTd2011-09-13iLF1l0o p26169-30r2020-06-25te. 3w2020-06-25yLFDSZPréstamo en sala 001054708DSaGRbGRcCTd2011-09-13iLF1l0o p26169-40r2020-06-25te. 4w2020-06-25yLFDSZPréstamo en sala 0010718PDaPDbPDcCTd2011-03-03iLF1l0o p26169-10r2020-06-25w2020-06-25yLFPDzPerteneció a la biblioteca personal de Aída Cartagena Portalatín.ZNo se presta 0010718PDaPDbPDcCTd2011-04-01iLF1l0o p26169-20r2020-06-25te. 2w2020-06-25yLFPDzPerteneció a la biblioteca personal de Martínez Boog.ZNo se presta c25661d25661